KOHA-Header-6

نامور مسلم سائنسدان (Record no. 13580)

000 -LEADER
fixed length control field 00315nam a22001217a 4500
082 ## - DEWEY DECIMAL CLASSIFICATION NUMBER
Classification number 297.4
100 ## - MAIN ENTRY--AUTHOR NAME
Personal name حمید عسکری
245 ## - TITLE STATEMENT
Title نامور مسلم سائنسدان
260 ## - PUBLICATION, DISTRIBUTION, ETC. (IMPRINT)
Place of publication لاہور
Name of publisher مجلس ترقی ادب
Year of publication ١٩٩٦
300 ## - PHYSICAL DESCRIPTION
Number of Pages ٤٣٠ صفحات
650 ## - SUBJECT ADDED ENTRY--TOPICAL TERM
Topical Term Muslim Scientist
942 ## - ADDED ENTRY ELEMENTS (KOHA)
Koha item type Books
Holdings
Withdrawn status Lost status Collection code Permanent Location Current Location Shelving location Date acquired Full call number Accession Number Koha item type
    Urdu Literature MAJU MAJU Shelf No.A11 2022-12-16 297.4 10694 Books

Powered by Koha